Kulyaat-e-Iqbal (Record no. 9734)

000 -LEADER
fixed length control field 00331 a2200121 4500
040 ## - CATALOGING SOURCE
Original cataloging agency DLC
Language of cataloging DLC
100 ## - MAIN ENTRY--PERSONAL NAME
Personal name Iqbal, Allama M.
245 ## - TITLE STATEMENT
Title Kulyaat-e-Iqbal
Statement of responsibility, etc. Allama M. Iqbal
Medium Urdu
260 ## - PUBLICATION, DISTRIBUTION, ETC.
Place of publication, distribution, etc. Lahore:
Name of publisher, distributor, etc. Services Book Club,
Date of publication, distribution, etc. 1995.
300 ## - PHYSICAL DESCRIPTION
Extent 710 p. ;
Dimensions 21 cm.
650 ## - SUBJECT ADDED ENTRY--TOPICAL TERM
Topical term or geographic name entry element Urdu Literature-- Poetry.
942 ## - ADDED ENTRY ELEMENTS (KOHA)
Koha item type Book
Call number prefix 891.4391 IQB
Source of classification or shelving scheme
Holdings
Withdrawn status Lost status Damaged status Not for loan Collection code Permanent Location Current Location Shelving location Date acquired Source of acquisition Total Checkouts Total Renewals Full call number Barcode Checked out Date last seen Date last checked out Price effective from Koha item type
          Central Library (CL) Central Library (CL) General Stacks 12/13/2005 Donation 9 7 891.4391 IQB SEECS006751 02/08/2025 01/09/2025 01/09/2025 01/05/2017 Book
© 2023 Central Library, National University of Sciences and Technology. All Rights Reserved.